000 00705nam a22002177a 4500
003 UA-OsUOA
001 89704
007 ta
008 20121108b un ||||| |||| 00| 0 ukr d
090 _a821.161.2
_bЗ-40
942 _cBK
040 _aUA-OsUOA
_bukr
_cUA-OsUOA
_dUA-OsUOA
245 _aЗдрастуй, сестро!
_bвірші поетів братніх республік про Радянську Україну
_cсост. М. Шалата
300 _a229 с.
955 _a3
041 _aukr
080 _a821.161.2
260 _aК.
_bРадянський письменник
_c1982
650 7 _a82 Література. Літературознавство
_2UDC
999 _c375984
_d375984